Focus (Record no. 83087)
[ view plain ]
| 000 -LEADER | |
|---|---|
| fixed length control field | 01015cab a22002295a 4500 |
| 001 - CONTROL NUMBER | |
| control field | L152781 |
| 008 - FIXED-LENGTH DATA ELEMENTS--GENERAL INFORMATION | |
| fixed length control field | 110427e20110423xxk 000 0 eng d |
| 035 ## - SYSTEM CONTROL NUMBER | |
| System control number | (Sirsi) u152781 |
| 041 0# - LANGUAGE CODE | |
| Language code of text/sound track or separate title | eng |
| 100 1# - MAIN ENTRY--PERSONAL NAME | |
| Personal name | Cunningham, Daniel |
| 245 00 - TITLE STATEMENT | |
| Title | Focus |
| Remainder of title | North East |
| 260 ## - PUBLICATION, DISTRIBUTION, ETC. | |
| Date of publication, distribution, etc. | 2011 |
| 490 ## - SERIES STATEMENT | |
| Series statement | Estates Gazette |
| Volume/sequential designation | (1116) 23 April 2011, 43-55(11) |
| 520 ## - SUMMARY, ETC. | |
| Summary, etc. | Plans for developing Newcastle-upon Tyne as a centre for science get the green light, Sunderland is the UK's boom town for business start ups according to Royal Mail, revival of manufacturing industires in Teeside towns of Redcar, Stockton-on Teesand Middlesbrough and the Tees Valley Enterprise Zone. Market in numbers includes office and industrial and retail Zone A rents in Newcastle-upon-Tyne, Sunderland and Durham. |
| 520 ## - SUMMARY, ETC. | |
| Summary, etc. | Issue 1116 is missing |
| 590 ## - LOCAL NOTE (RLIN) | |
| Local note | KA |
| 651 #4 - SUBJECT ADDED ENTRY--GEOGRAPHIC NAME | |
| Geographic name | TYNE AND WEAR |
| 690 ## - LOCAL SUBJECT ADDED ENTRY--TOPICAL TERM (OCLC, RLIN) | |
| Topical term or geographic name as entry element | PROPERTY-COMMERCIAL PROPERTY-COMMERCIAL PROPERTY MARKET |
| 700 1# - ADDED ENTRY--PERSONAL NAME | |
| Personal name | Whitten, Nick |
| 700 1# - ADDED ENTRY--PERSONAL NAME | |
| Personal name | Thame, David |
| 942 ## - ADDED ENTRY ELEMENTS (KOHA) | |
| Suppress in OPAC | 0 |
| Source of classification or shelving scheme | Dewey Decimal Classification |
| Withdrawn status | Lost status | Source of classification or shelving scheme | Damaged status | Not for loan | Home library | Current library | Shelving location | Date acquired | Total Checkouts | Full call number | Barcode | Date last seen | Copy number | Price effective from | Koha item type |
|---|---|---|---|---|---|---|---|---|---|---|---|---|---|---|---|
| Dewey Decimal Classification | London | London | Missing | 27/04/2011 | L152781 | 152781-1001 | 06/08/2019 | 1 | 06/08/2019 | Journal article |